Actors' Movies by Topic II Quiz Stats

 Plays Quiz Updated Jun 16, 2016

Challenge
Share
Tweet
Embed
Score 0/36 Timer 08:00
1 Play Today
Genre Movie % Correct
Music BiopicRay
89.9%
Music BiopicWalk the Line
85.2%
Man vs NatureCast Away
85.1%
ZombieWorld War Z
82.5%
Serial KillerThe Silence of the Lambs
82.1%
The Planet MarsThe Martian
81.6%
Serial KillerAmerican Psycho
77%
ZombieShaun of the Dead
75.1%
BaseballA League of Their Own
74.1%
BaseballMoneyball
70.1%
ZombieZombieland
67.9%
American Civil WarGone with the Wind
64.7%
Drug AddictionTrainspotting
62.3%
Music BiopicThe Doors
60.5%
American Civil WarGlory
60%
Haunted HouseBeetlejuice
52%
BaseballBull Durham
51.8%
The Planet MarsTotal Recall
51.7%
Genre Movie % Correct
Haunted HouseThe Others
50.3%
Zombie28 Days Later
46.6%
Haunted HouseCasper
44.7%
BaseballThe Rookie
44.5%
Serial KillerZodiac
44.4%
Man vs NatureInto the Wild
43.2%
American Civil WarCold Mountain
43.1%
Man vs NatureThe Grey
42.6%
Drug AddictionThe Basketball Diaries
38.7%
Drug AddictionRequiem for a Dream
38.5%
Music BiopicLa Vie en Rose
30.8%
The Planet MarsJohn Carter
23.9%
American Civil WarGettysburg
19.8%
Serial KillerCopycat
16.3%
Drug AddictionDrugstore Cowboy
16.2%
The Planet MarsDoom
14.3%
Haunted HouseCrimson Peak
13.6%
Man vs NatureThe Edge
11.1%

You're not logged in!

Compare scores with friends on all Sporcle quizzes.
Join for Free
OR
Log In

You Might Also Like...

Show Comments

Extras

Top Quizzes Today


Score Distribution

Your Account Isn't Verified!

In order to create a playlist on Sporcle, you need to verify the email address you used during registration. Go to your Sporcle Settings to finish the process.

Report this User

Report this user for behavior that violates our Community Guidelines.

Details: